[Event "Regionalliga Ost 1617 (Women)"]
[Site "Germany"]
[Date "2017.01.22"]
[Round "3.3"]
[White "Weber, Katja"]
[Black "Radde, Christina"]
[Result "1/2-1/2"]
[WhiteElo "1534"]
[BlackElo "1590"]
[PlyCount "128"]
[EventDate "2016.10.23"]
[EventType "team-tourn"]
[EventRounds "5"]
[EventCountry "GER"]
[SourceTitle "EXT 2018"]
[Source "ChessBase"]
[SourceDate "2017.10.13"]
[SourceVersion "1"]
[SourceVersionDate "2017.10.13"]
[SourceQuality "1"]
[WhiteTeam "Leipzig SG (W) II"]
[BlackTeam "Merseburg (W)"]
[WhiteTeamCountry "GER"]
[BlackTeamCountry "GER"]

1. e4 c6 2. d4 d5 3. exd5 cxd5 4. g3 Nc6 5. Bg2 Bf5 6. Ne2 e6 7. 0-0 Nf6 8. c4 dxc4 9. Qa4 Qd7 10. Qxc4 Be7 11. Nbc3 0-0 12. Bf4 Rac8 13. Qa4 a6 14. Rfd1 Nd5 15. Nxd5 exd5 16. Qb3 Be4 17. Bxe4 dxe4 18. Qe3 f5 19. d5 Nb4 20. Qb3 Bd6 21. Bxd6 Qxd6 22. Nf4 Rfe8 23. Ne6 Nd3 24. Qxb7 Qe5 25. Rd2 Rb8 26. Qd7 Qf6 27. Qc6 Red8 28. Qxa6 Rxd5 29. Qc6 Rdb5 30. Qd7 R5b7 31. Qd5 Qf7 32. Nf4 Qxd5 33. Nxd5 Rxb2 34. Rxb2 Rxb2 35. Rf1 g6 36. a4 Ra2 37. Nb6 Nc5 38. Rd1 Nxa4 39. Rd8+ Kg7 40. Ra8 Nc3 41. Rxa2 Nxa2 42. Nd5 Nc1 43. Kf1 Nd3 44. Ke2 Ne5 45. Nf4 Nf3 46. h4 h6 47. Ke3 Kf6 48. Nd5+ Ke6 49. Nf4+ Kf6 50. Nd5+ Ke5 51. Ne7 g5 52. hxg5 hxg5 53. Ng6+ Kf6 54. Nf8 Kf7 55. Nd7 Kg6 56. Nf8+ Kh5 57. Ne6 Kg4 58. Ng7 Ne5 59. Ne6 Nd3 60. Nd4 f4+ 61. gxf4 gxf4+ 62. Kxe4 Nxf2+ 63. Ke5 Kg3 64. Kf5 Nd3 1/2-1/2

[Event "Leipzig VfB op 21st"]
[Site "Leipzig"]
[Date "2014.03.08"]
[Round "9"]
[White "Haerig, Wolfram"]
[Black "Weber, Katja"]
[Result "0-1"]
[WhiteElo "1816"]
[BlackElo "1515"]
[PlyCount "54"]
[EventDate "2014.03.04"]
[EventType "tourn"]
[EventRounds "9"]
[EventCountry "GER"]
[SourceTitle "CBM 159 Extra"]
[Source "ChessBase"]
[SourceDate "2014.04.24"]
[SourceVersion "1"]
[SourceVersionDate "2014.04.24"]
[SourceQuality "1"]

1. e4 d5 2. exd5 Qxd5 3. Nc3 Qa5 4. Nf3 Nf6 5. d3 Bf5 6. Bd2 e6 7. Be2 Bb4 8. 0-0 Nc6 9. a3 Bxc3 10. Bxc3 Qd5 11. Bxf6 gxf6 12. c4 Qd6 13. Qb3 0-0-0 14. Rfd1 Nd4 15. Nxd4 Qxd4 16. Bf3 c6 17. Rac1 Bg4 18. Bxg4 Qxg4 19. Qa4 Kb8 20. b4 Rhg8 21. g3 Qf5 22. Qb3 Rd4 23. a4 Rh4 24. Rc2 Qh3 25. Rb1 Rg5 26. b5 Qxh2+ 27. Kf1 Re5 0-1

[Event "Leipzig VfB op 21st"]
[Site "Leipzig"]
[Date "2014.03.06"]
[Round "4"]
[White "Schomann, Michael"]
[Black "Weber, Katja"]
[Result "1/2-1/2"]
[WhiteElo "1726"]
[BlackElo "1515"]
[PlyCount "128"]
[EventDate "2014.03.04"]
[EventType "tourn"]
[EventRounds "9"]
[EventCountry "GER"]
[SourceTitle "CBM 159 Extra"]
[Source "ChessBase"]
[SourceDate "2014.04.24"]
[SourceVersion "1"]
[SourceVersionDate "2014.04.24"]
[SourceQuality "1"]

1. d4 Nf6 2. c4 e6 3. Nc3 Bb4 4. a3 Bxc3+ 5. bxc3 0-0 6. Bg5 b6 7. Nf3 Nc6 8. d5 Na5 9. e4 h6 10. Bxf6 gxf6 11. Bd3 e5 12. Nh4 d6 13. Qh5 Kh7 14. g4 Qe7 15. Nf5 Bxf5 16. Qxf5+ Kg7 17. 0-0-0 Nb3+ 18. Kb2 Nc5 19. Bc2 Rh8 20. h4 Rh7 21. f4 Rah8 22. Rhg1 Nd7 23. g5 fxg5 24. fxg5 Kf8 25. Ba4 Ke8 26. g6 fxg6 27. Qxg6+ Rf7 28. Rdf1 Rhf8 29. Rxf7 Qxf7 30. Qe6+ Kd8 31. Rf1 Qxe6 32. Rxf8+ Nxf8 33. dxe6 Nxe6 34. Bd1 Nc5 35. Bf3 Ke7 36. Kc2 Kf6 37. Kd2 Kg6 38. Kc2 Kf6 39. Kd2 Kg7 40. Kc2 Kg6 41. Kd2 Nb7 42. Kc2 a5 43. Kd2 Kf6 44. Kc2 Ke7 45. Kd2 Kd7 46. Bg4+ Kc6 47. Be6 Kc5 48. Kd3 a4 49. Bd7 c6 50. Be6 Na5 51. Bf7 b5 52. cxb5 cxb5 53. Be6 Nc6 54. Bd5 Ne7 55. Bf7 d5 56. h5 Kd6 57. Ke3 Kc5 58. Kd3 d4 59. cxd4+ exd4 60. e5 Nc6 61. e6 Ne7 62. Be8 b4 63. axb4+ Kxb4 64. Bxa4 Kc5 1/2-1/2

[Event "Leipzig VfB op 21st"]
[Site "Leipzig"]
[Date "2014.03.06"]
[Round "5"]
[White "Weber, Katja"]
[Black "Ott, Herbert"]
[Result "1/2-1/2"]
[WhiteElo "1515"]
[BlackElo "1659"]
[PlyCount "49"]
[EventDate "2014.03.04"]
[EventType "tourn"]
[EventRounds "9"]
[EventCountry "GER"]
[SourceTitle "CBM 159 Extra"]
[Source "ChessBase"]
[SourceDate "2014.04.24"]
[SourceVersion "1"]
[SourceVersionDate "2014.04.24"]
[SourceQuality "1"]

1. e4 c5 2. d4 cxd4 3. c3 d3 4. Bxd3 d6 5. f4 g6 6. Nf3 Bg7 7. 0-0 Nf6 8. Nbd2 Nc6 9. Qe1 0-0 10. h3 e6 11. Nb3 b6 12. Be3 Bb7 13. Rd1 Qc7 14. Qh4 Qd8 15. f5 Nh5 16. Qg4 Ne5 17. Nxe5 Bxe5 18. Bh6 Bg7 19. Bxg7 Kxg7 20. Nd4 e5 21. Nf3 Nf6 22. Qg3 Nh5 23. Qg4 Nf6 24. Qh4 Nh5 25. Qg4 1/2-1/2